Wordt geladen...

Annual report 2009-2010

Bibliografische gegevens
Andere auteurs: IVRI
Formaat: Report
Gepubliceerd in: Izatnagar Indian Veterinary Research Institute 2010
Onderwerpen:
LEADER 00490nam a22001577a 4500
003 OSt
999 |c 195297  |d 195297 
082 |a IVRI/AR 2009-2010 
245 |a Annual report 2009-2010 
260 |a Izatnagar  |b Indian Veterinary Research Institute  |c 2010 
300 |a 254p. 
546 |a English 
650 |a Annual report 
700 |a IVRI 
942 |2 ddc  |c REP 
952 |0 0  |1 0  |2 ddc  |4 0  |6 IVRI_AR_20092010  |7 0  |9 202678  |a KAUCLV  |b KAUCLV  |c REPORTS  |d 2020-11-30  |o IVRI/AR 2009-2010  |p 811202  |r 2020-11-30  |w 2020-11-30  |y REP